LEADER 01244nam--2200433---450- 001 990003370270203316 005 20100210123303.0 010 $a88-8077-090-X 035 $a000337027 035 $aUSA01000337027 035 $a(ALEPH)000337027USA01 035 $a000337027 100 $a20100210d2000----km-y0itay50------ba 101 $aita 102 $aIT 105 $a||||||||001yy 200 1 $a<> cielo sulla Terra$ecome pregare perchè scenda$fJudith Butler 205 $a2. ed. 210 $aMarchirolo$cUomini nuovi$d2000 300 $aTrad. di Romolo e Myriam Giovanardi 410 0$12001 454 1$12001$aHow to pray$942094 461 1$1001-------$12001 606 0 $aPreghiera$2BNCF 676 $a248.32 700 1$aBUTLER,$bJudith$0175620 702 1$aGIOVANARDI,$bMyriam 702 1$aGIOVANARDI,$bRomolo 801 0$aIT$bsalbc$gISBD 912 $a990003370270203316 951 $aII.2. 5487$b218513 L.M.$cII.2.$d00015574 959 $aBK 969 $aUMA 979 $aGIUSY$b90$c20100210$lUSA01$h1224 979 $aGIUSY$b90$c20100210$lUSA01$h1228 979 $aGIUSY$b90$c20100210$lUSA01$h1232 979 $aGIUSY$b90$c20100210$lUSA01$h1233 996 $aHow to pray$942094 997 $aUNISA LEADER 01223nam--2200385---450- 001 990001035520203316 005 20090313145954.0 010 $a88-464-3231-2 035 $a0103552 035 $aUSA010103552 035 $a(ALEPH)000103552USA01 035 $a0103552 100 $a20020315d2001----km-y0itay0103----ba 101 $aita 102 $aIT 105 $a||||||||001yy 200 1 $a"Nuova economia" e lavoro a elevato livello di apprendimento$fa cura di Luigi Frey e Renata Livraghi 210 $aMilano$cF.Angeli$d2001 215 $a194, XX$d23 cm 225 2 $aQuaderni di economia del lavoro$v71 410 0$12001$aQuaderni di economia del lavoro 606 0 $aLaureati$xOccupazione$yItalia 676 $a331.1142 702 1$aFREY,$bLuigi 702 1$aLIVRAGHI,$bRenata 912 $a990001035520203316 951 $a331.114 NUO 1 (IEP VIII 1469)$b10129 E.C.$cIEP VIII$d00080022 959 $aBK 969 $aECO 979 $aPAOLA$b90$c20020315$lUSA01$h1249 979 $c20020403$lUSA01$h1744 979 $aPATRY$b90$c20040406$lUSA01$h1711 979 $aRSIAV4$b90$c20090313$lUSA01$h1459 996 $aNuova economia e lavoro a elevato livello di apprendimento$9512830 997 $aUNISA LEADER 02036nas 2200577-a 450 001 9910263037503321 005 20230801213017.0 011 $a1366-5898 035 $a(DE-599)ZDB1484534-9 035 $a(OCoLC)38272163 035 $a(CKB)954925255159 035 $a(CONSER)---00238747- 035 $a(EXLCZ)99954925255159 100 $a19980127a19889999 --- a 101 0 $aeng 135 $aurmnu|||||||| 181 $ctxt$2rdacontent 182 $cc$2rdamedia 183 $acr$2rdacarrier 200 10$aInternational journal of qualitative studies in education $eQSE 210 $a[London] $cTaylor & Francis 210 3 $a[Abingdon, Oxon UK] $cRoutledge$cCo-published with UNISA Press 300 $aRefereed/Peer-reviewed 311 $a0951-8398 517 3 $aQSE 517 1 $aQualitative studies in education 531 $aINTERNATIONAL JOURNAL OF QUALITATIVE STUDIES IN EDUCATION QSE 531 $aQUALITATIVE STUDIES IN EDUCATION 531 $aQSE 531 $aINTERNATIONAL JOURNAL OF QUALITATIVE STUDIES IN EDUCATION 531 0 $aInt. j. qual. stud. educ. 606 $aEducation$xResearch$vPeriodicals 606 $aÉducation$xRecherche$vPériodiques 606 $aSciences de l'éducation$xMéthodes qualitatives$vPériodiques 606 $aEducation$xResearch$2fast$3(OCoLC)fst00902743 606 $aRecherche en éducation$2rasuqam 606 $aRecherche qualitative$2rasuqam 608 $aPeriodicals.$2fast 608 $aPériodique électronique (Descripteur de forme)$2rasuqam 608 $aRessource Internet (Descripteur de forme)$2rasuqam 615 0$aEducation$xResearch 615 6$aÉducation$xRecherche 615 6$aSciences de l'éducation$xMéthodes qualitatives 615 7$aEducation$xResearch. 615 17$aRecherche en éducation. 615 17$aRecherche qualitative. 676 $a370.7805 906 $aJOURNAL 912 $a9910263037503321 996 $aInternational journal of qualitative studies in education$92578342 997 $aUNINA